Analýza konkurenčného prostredia výrobcu okien a dverí Hertop spol. s r. o. Topoľčany diplomová práca

Salvato in:
Dettagli Bibliografici
Autore principale: Patáková, Katarína
Ente Autore: Obchodná fakulta EU. Katedra marketingu
Altri autori: Konštiak, Pavol
Natura: Libro
Lingua:slovacco
Pubblicazione: Bratislava 2010
Tags: Aggiungi Tag
Nessun Tag, puoi essere il primo ad aggiungerne!!

MARC

LEADER 00000nam$a2200000$$$4500
001 0121836
005 20240318121721.5
041 0 |a slo 
044 |a SK 
245 1 0 |a Analýza konkurenčného prostredia výrobcu okien a dverí Hertop spol. s r. o. Topoľčany  |b diplomová práca  |c Katarína Patáková ; škol. Pavol Konštiak 
264 1 |a Bratislava  |c 2010 
300 |a 77 s. 
100 1 |a Patáková, Katarína 
700 1 |a Konštiak, Pavol 
710 2 |a Obchodná fakulta EU. Katedra marketingu